000 00461nab a2200145Ia 4500
003 ES-SlBCS
005 20210601125242.0
008 140529s1980 xxu||||| |||| 00| 0 eng d
041 _aeng
100 1 _aShwarz, Wolfgang
_9155984
245 0 2 _aA Lost Cause? The Continuing Ptolemaic Age in Philosophy
_c Wolfgang Shwarz
600 1 4 _aPtolomeo
_9155985
773 0 _tPhilosophy and Phenomenological Research
_gvol. 40, 1980, págs. 568-575
_wRev1411
942 _cAR
999 _c527267
_d527267